| 000 | 00468nam a22001577a 4500 | ||
|---|---|---|---|
| 005 | 20251108175213.0 | ||
| 008 | 250721s1997 xx 000 0 ara d | ||
| 082 | 1 | 4 | _aق/غاو |
| 100 | 1 | _aغاوف، فيلهيم | |
| 245 | 1 | 0 | _aشيخ الاسكندرية وعبيده / |
| 264 | 1 |
_aدمشق _ سورية : _bمنشورات وزارة الثقافة، _c1997. |
|
| 300 | _a151ص. | ||
| 650 | 1 | 7 | _aالقصص العربية |
| 942 |
_2ddc _cBK |
||
| 999 |
_c128614 _d128614 |
||